[Event "Berlin Lieb Memorial 5th"]
[Site "Berlin"]
[Date "2019.05.17"]
[Round "3"]
[White "Nowak, Vladimir"]
[Black "Kumar, Amod"]
[Result "0-1"]
[WhiteElo "1662"]
[BlackElo "1769"]
[PlyCount "68"]
[EventDate "2019.05.03"]
[EventType "swiss"]
[EventRounds "7"]
[EventCountry "GER"]
[SourceTitle "EXT 2020"]
[Source "ChessBase"]
[SourceDate "2019.10.17"]
[SourceVersion "1"]
[SourceVersionDate "2019.10.17"]
[SourceQuality "1"]

1. e4 d5 2. exd5 Nf6 3. Nf3 Nxd5 4. Bc4 c6 5. 0-0 Bg4 6. d4 e6 7. Nbd2 Be7 8. Re1 Nd7 9. Ne4 0-0 10. h3 Bh5 11. Ng3 Bg6 12. Bxd5 cxd5 13. Bf4 Rc8 14. c3 Qb6 15. Qd2 a5 16. h4 h5 17. Bg5 Bd6 18. Ne2 Nf6 19. Bxf6 gxf6 20. Nf4 Bxf4 21. Qxf4 Kg7 22. Re2 Qa6 23. Rd2 b5 24. Qe3 Qd6 25. Ne1 Rc4 26. Nd3 Rfc8 27. Nc5 b4 28. Nb7 Qc7 29. Nc5 e5 30. Re1 Qc6 31. g3 a4 32. Kg2 a3 33. Nd3 bxc3 34. bxc3 Rxc3 0-1

[Event "Wiesbaden op 30th"]
[Site "Wiesbaden"]
[Date "2018.08.25"]
[Round "4"]
[White "Oezdemir, Ali Oezden"]
[Black "Kumar, Amod"]
[Result "0-1"]
[WhiteElo "1982"]
[BlackElo "1745"]
[PlyCount "108"]
[EventDate "2018.08.23"]
[EventType "swiss"]
[EventRounds "7"]
[EventCountry "GER"]
[SourceTitle "CBM 186 Extra"]
[Source "ChessBase"]
[SourceDate "2018.08.24"]
[SourceVersion "1"]
[SourceVersionDate "2018.08.24"]
[SourceQuality "1"]

1. e4 c6 2. d4 d5 3. e5 Bf5 4. Be3 Nd7 5. Nd2 e6 6. Ngf3 Rc8 7. Be2 c5 8. c4 cxd4 9. Bxd4 Ne7 10. 0-0 Nb6 11. Qb3 dxc4 12. Bxc4 Nc6 13. Bxb6 Qxb6 14. Qxb6 axb6 15. Nb3 Bg4 16. Bb5 Bxf3 17. gxf3 Be7 18. f4 g5 19. fxg5 Bxg5 20. f4 Bh6 21. h3 Rg8+ 22. Kh2 Ke7 23. a3 Rcd8 24. Bxc6 bxc6 25. Rf3 Rd5 26. Rc1 c5 27. Rc2 f6 28. exf6+ Kxf6 29. Rcf2 Kf5 30. Nd2 Rd4 31. Nf1 Bxf4+ 32. Ng3+ Ke5 33. Re2+ Kd5 34. Kg2 Rxg3+ 35. Rxg3 Bxg3 36. Kxg3 e5 37. h4 h5 38. Rf2 Rg4+ 39. Kh3 Rf4 40. Rg2 Rf3+ 41. Kh2 Rb3 42. Rf2 Kd4 43. Kg2 e4 44. Kf1 Rf3 45. Rxf3 exf3 46. Kf2 Ke4 47. a4 Kf4 48. b3 Ke4 49. Kf1 Ke3 50. Ke1 f2+ 51. Kf1 Kf3 52. a5 bxa5 53. b4 a4 54. bxc5 a3 0-1

[Event "Berlin Lieb Memorial 4th"]
[Site "Berlin"]
[Date "2018.06.07"]
[Round "4"]
[White "Boettcher, Patrick"]
[Black "Kumar, Amod"]
[Result "1-0"]
[WhiteElo "2078"]
[BlackElo "1743"]
[PlyCount "119"]
[EventDate "2018.05.17"]
[EventType "swiss"]
[EventRounds "7"]
[EventCountry "GER"]
[SourceTitle "CBM 189 Extra"]
[Source "ChessBase"]
[SourceDate "2019.06.03"]
[SourceVersion "1"]
[SourceVersionDate "2019.06.03"]
[SourceQuality "1"]

1. c4 e5 2. Nc3 Nc6 3. Nf3 Nf6 4. g3 Bc5 5. Bg2 d6 6. 0-0 a5 7. d3 0-0 8. e3 Bg4 9. h3 Bh5 10. a3 h6 11. Qc2 Qd7 12. Nd2 Nd8 13. b3 c6 14. Na4 Ne6 15. Bb2 Bg6 16. Nxc5 dxc5 17. Ne4 Nxe4 18. dxe4 Qc7 19. f4 exf4 20. gxf4 f5 21. Rad1 Rad8 22. Rxd8 Nxd8 23. exf5 Bxf5 24. e4 Bc8 25. f5 Nf7 26. Qc3 Nd6 27. Qe5 Ne8 28. Rd1 Qxe5 29. Bxe5 Kf7 30. Rd8 Nf6 31. Rxf8+ Kxf8 32. Bd6+ Kf7 33. Bxc5 Nd7 34. Bd4 g6 35. fxg6+ Kxg6 36. Kf2 c5 37. Bc3 b6 38. a4 Nf8 39. Ke3 Kg5 40. Kf3 Bb7 41. Be5 Ng6 42. Bg3 Kf6 43. Ke3 Ne5 44. Bf3 Bc6 45. Be2 Bd7 46. Bh4+ Ke6 47. Bd8 Kd6 48. Bxb6 Bxh3 49. Bxa5 Nc6 50. Bc3 Ne7 51. Bg7 Ng8 52. Bh5 Be6 53. Kf4 Ke7 54. Ke5 Kd7 55. a5 Ne7 56. Be8+ Kxe8 57. Kxe6 Nc6 58. a6 Kd8 59. Kd6 Na7 60. Bxh6 1-0